| 000 | 00630cam a22002171 4500 | ||
|---|---|---|---|
| 001 | ne 66000792 | ||
| 003 | DLC | ||
| 005 | 20260227111822.0 | ||
| 008 | 810814s1964 le 000 0 arar | ||
| 010 | _ane 66000792 | ||
| 025 | _aPL480:UAR-7034 | ||
| 035 | _a(OCoLC)7669200 | ||
| 040 |
_aDLC _cTU _dTU _dDLC |
||
| 042 | _apremarc | ||
| 050 | 0 | 0 |
_aPJ7701 _b.A154 1964 |
| 100 | 2 |
_aAbū al-ʻAtāhiyah, Ismāʻīl ibn al-Qāsim, _d747 or 748-826? |
|
| 245 | 1 | 0 |
_aDīwān _cAbī al-ʻAtahiyah. |
| 260 |
_aBayrūt, _bDār Ṣādir, _c1964. |
||
| 300 |
_a511 p. _c24 cm. |
||
| 500 | _aCover title: Dīwān Abī ʻLāʼ al-ʻAtahiyah. | ||
| 999 |
_c48837 _d48837 |
||